00922nas a2200241Ia 4500001001600000003001000016008004100026040002500067041001200092100001800104210001800122222001800140240013100158245013100289250001100420260000900431501012300440300001300563362002500576500004300601650002500644700001100669A07/R084-53301 IT-MiCISF161014c99999999xx |||||||||||| ||und|| aIT-MiCISFcIT-MiCISF aINGLESE aRuster Thomas aIntams Review aIntams Review aThe Sacrament of Marriage as Something Unique to the Catholic Church: Thoughts About Separating Nature, Contract and Sacrament 4aThe Sacrament of Marriage as Something Unique to the Catholic Church: Thoughts About Separating Nature, Contract and Sacrament a1a ed. c2013 bCISF - Centro Internazionale Studi Famiglia - Via Giotto, 36 20145 MILANO (non commercial uses only)cCopyright 2016 app. 4-12 avol. 19, n. 1 [2013] a Tema: matrimonio-sacramento, teologia amatrimoniovarticolo aAA.VV.